书目信息 |
| 题名: |
家庭常用成药
|
|
| 作者: | 曹庆荣 , 张超良 编 | |
| 分册: | ||
| 出版信息: | 南宁 广西人民出版社 1981 |
|
| 页数: | 117页 | |
| 开本: | 19cm | |
| 丛书名: | ||
| 单 册: | ||
| 中图分类: | R286 | |
| 科图分类: | ||
| 主题词: | 家庭-中成药 , 中成药-家庭 | |
| 电子资源: | ||
| ISBN: | ||
| 000 | 00676nam0 2200253 45 | |
| 001 | 0181001433 | |
| 005 | 20060815081751.78 | |
| 010 | @dCNY0.31 | |
| 091 | @a14113.21 | |
| 100 | @a19950511d1981 em y0chiy0121 ea | |
| 101 | 0 | @achi |
| 102 | @aCN@b450000 | |
| 105 | @ay z 000yy | |
| 200 | 10 | @a家庭常用成药@Ajia ting chang yong cheng yao@f曹庆荣,张超良编 |
| 210 | @a南宁@c广西人民出版社@d1981 | |
| 215 | @a117页@d19cm | |
| 606 | @a家庭-中成药 | |
| 606 | @a中成药-家庭 | |
| 690 | @aR286@v3 | |
| 701 | 0 | @a曹庆荣@Acao qing rong@4编 |
| 701 | 0 | @a张超良@Azhang chao liang@4编 |
| 801 | 0 | @aCN@bTSSF@c20060815 |
| 801 | 2 | @aCN@bNLC@c20060809 |
| 905 | @a10447@dR286@e148 | |
| 家庭常用成药/曹庆荣,张超良编.-南宁:广西人民出版社,1981 |
| 117页;19cm |
| ISBN :CNY0.31 |
| ● |
| 相关链接 |
|
|
|
|
正题名:家庭常用成药
索取号:R286/148
 
预约/预借
| 序号 | 登录号 | 条形码 | 馆藏地/架位号 | 状态 | 备注 |
| 1 | 0451979 | 204519798 | 密集书库/ [索取号:R286/148] | 在馆 | |
| 2 | 0458318 | 204583183 | 密集书库/ [索取号:R286/148] | 在馆 |